000098084 001__ 98084
000098084 005__ 20210118122903.0
000098084 037__ $$aTAZ-TFG-2020-2503
000098084 041__ $$aspa
000098084 1001_ $$aGiménez Jal, Sandra
000098084 24200 $$aAcquisition of the foreign language (English) in Preschool Education through the use of the communicative approach and music: TPR and routines
000098084 24500 $$aAdquisición de la lengua extranjera (Inglés) en Educación Infantil mediante el uso del enfoque comunicativo y la música: TPR y rutinas
000098084 260__ $$aZaragoza$$bUniversidad de Zaragoza$$c2020
000098084 506__ $$aby-nc-sa$$bCreative Commons$$c3.0$$uhttp://creativecommons.org/licenses/by-nc-sa/3.0/
000098084 520__ $$aEl siguiente trabajo académico plantea un cambio en la metodología de la enseñanza,<br />mediante el cual se fomente el enfoque comunicativo, promoviendo una metodología<br />activa dejando atrás la metodología tradicional. Además es fundamental no presionar a<br />los alumnos ya que cuando estén preparados, adquirirán la lengua extranjera del mismo<br />modo que la lengua materna. Para lograr dicho objetivo se van a utilizar algunos<br />instrumentos útiles en Educación Infantil, los cuales son la música, el método Total<br />Physical Response y las rutinas. La música es un instrumento muy atractivo y útil para<br />los niños en estas etapas. Además utilizando el Total Physical Response y las rutinas<br />estará incluido el movimiento, aspecto eficaz y motivador de la misma manera en<br />Educación Infantil. De este modo los niños aprenderán la segunda lengua de un modo<br />natural y lúdico. <br /><br />
000098084 521__ $$aGraduado en Magisterio en Educación Infantil
000098084 540__ $$aDerechos regulados por licencia Creative Commons
000098084 700__ $$aYebra Pertusa, José María$$edir.
000098084 7102_ $$aUniversidad de Zaragoza$$bCiencias de la Educación$$c
000098084 8560_ $$f737982@unizar.es
000098084 8564_ $$s1155825$$uhttps://zaguan.unizar.es/record/98084/files/TAZ-TFG-2020-2503.pdf$$yMemoria (spa)
000098084 909CO $$ooai:zaguan.unizar.es:98084$$pdriver$$ptrabajos-fin-grado
000098084 950__ $$a
000098084 951__ $$adeposita:2021-01-18
000098084 980__ $$aTAZ$$bTFG$$cFCHE
000098084 999__ $$a20200629092435.CREATION_DATE